01007nam a22002537a 450000500170000000800410001702000240005802000240008205000220010605000190012824501240014725000110027126001080028230000280039049000440041850400280046265000610049065000330055165000350058470000320061970000370065170000310068870000340071920260212103948.0260212b mx ||||| |||| 00| 0 spa d a9786074776508 (UAM) a9786074015430 (MAP)04aHC79.T4bI56 201204aHD45bI56 201200aInnovación y crisisb : trayectorias y respuestas de empresas y sectoresc / Jordy Micheli,...[et al.] coordinadores. a1a ed. aMéxico :bMiguel Ángel Porrúa :bUniversidad Autónoma Metropolitana. Unidad Azcapotzalco,c2012 a401 p. :bil. ;c23 cm.0 aLas Ciencias Sociales. Tercera Década aIncluye bibliografías 72lembaInnovaciones tecnológicasxAspectos económicos 72lembaDesarrollo económico 72lembaCrisis financiera global1 aMicheli, Jordyecoordinador1 aMedellín, Enriqueecoordinador1 aJasso, Javierecoordinador1 aHidalgo, Antonioecoordinador